000 00285nam a2200121Ia 4500
008 191201s2013 xx 000 0 und d
100 _aKUMAR, Rakesh
245 0 _aTextbook of Nano-science
260 _aN. Delhi
_bS.K.Kataria
_c2013
300 _a200
650 _aApplied
942 _2ddc
_cBK
999 _c80
_d80